| 000 | 00859nam a2200217Ii 4500 | ||
|---|---|---|---|
| 003 | JO-AjNU | ||
| 008 | 230605s9999||||xx |||||||||||||| ||und|| | ||
| 017 | _a2006/7/2035 | ||
| 040 |
_aJO-AjNU _bara _erda _cJO-AjNU |
||
| 041 | _aara | ||
| 050 | 1 | 4 | _aHF5549 .T34 2006 |
| 100 | 3 |
_aتأليف: الطائي،يوسف حجيم/م.مشارك: مؤيد عبد الحسين الفضل،هاشم فوزي العبادي, _eauthor _927719 |
|
| 245 | 0 | 0 | _aادارة الموارد البشرية:مدخل استراتيجي |
| 250 | _aط1 | ||
| 264 | 3 | 1 | _aعمان: مؤسسة الوراق للنشر والتوزيع،2006 |
| 300 |
_a663ص _bيحتوي على ببلوغرافية من ص661-663ص |
||
| 336 |
_atext _btxt _2rdacontent |
||
| 337 |
_aunmediated _bn _2rdamedia |
||
| 338 |
_avolume _bnc _2rdacarrier |
||
| 650 | 4 |
_aادارة الافراد _927720 |
|
| 999 |
_aA10666 _c14234 _d14234 |
||